00733nam a2200205Ia 4500003000900000008004100009020001800050040001600068080002300084110004100107245011200148260003500260300002000295650004100315650002300356650001700379942000700396999001500403952010900418IN-BaIIA211028s9999 xx 000 0 eng d a0-08-025128-5 cIIA Library a063:523.34b10LC-2 aLunar and Planetary Institute910749 0aEarly Solar System and Lunar Regolithbvol. 2cLunar and Planetary Institute  aNew YorkbPergamon Pressc1979 axi, 1141-2130p. aAstronomy and Astrophysics Thesaurus aLunar Probes96780 aSolar System cBK c6508d6508 00102ddc4070aBANbBANcGENd1980-06-05l0o063:523.34/ 10LC-2p7241r2021-11-05w1980-06-05yBKG200